|
|
|
|
| LEADER |
00865nam a2200217 a 4500 |
| 001 |
8444681 |
| 008 |
091115s1962 it ab i000 0 eng d |
| 010 |
|
|
|a 63002647
|
| 040 |
|
|
|a DLC
|c WM
|d IPAR
|d Uk
|d DLC
|
| 082 |
0 |
0 |
|a 338.1/9
|2 16
|
| 110 |
2 |
|
|a Food and Agriculture Organization of the United Nations.
|
| 245 |
1 |
0 |
|a Agriculture in the world economy /
|c Food and Agriculture Organization of the United Nations.
|
| 250 |
|
|
|a 2nd rev. ed.
|
| 260 |
|
|
|a Rome :
|b FAO,
|c 1962.
|
| 300 |
|
|
|a viii, 65 p., [2] folded leaves :
|b ill. (part col.) ;
|c 24 cm.
|
| 541 |
1 |
|
|e 00000035
|
| 650 |
|
0 |
|a Food supply.
|
| 650 |
|
0 |
|a Agriculture
|x Economic aspects.
|
| 852 |
4 |
|
|a Ayesha Abed Library
|j General Shelf
|
| 999 |
|
|
|c 8033
|d 8033
|
| 952 |
|
|
|0 0
|1 0
|2 ddc
|4 0
|6 338_190000000000000_AGR_1962
|7 0
|9 9108
|a BRACUL
|b BRACUL
|c GEN
|d 2010-04-08
|g 110.00
|l 0
|o 338.19 AGR
|p 3010000035
|r 2016-08-30
|t 1
|w 2010-04-08
|y BK
|